Statistics for The Seven Princes Of Hell

Click here to take the quiz!

General Stats

  • This quiz has been taken 35 times
  • The average score is 5 of 7

Answer Stats

RepresentationPrince% Correct
PrideLucifer
100%
WrathSatan
90%
LustAsmodeus
81%
GluttonyBeelzebub
81%
EnvyLeviathan
71%
GreedMammon
62%
SlothBelphegor
43%

Score Distribution

Percentile by Number Answered

Percent of People with Each Score

Your Score History

You have not taken this quiz